Sports Quiz

Random Sports or NBA Quiz

Ranking All 30 NBA Backcourts (2017-18) Quiz Stats

 Plays Quiz not verified by Sporcle

Challenge
Share
Tweet
Embed
Score 0/30 Timer 08:00
0 Plays Today
Rank Backcourt % Correct
1Stephen Curry and Klay Thompson
95.1%
4John Wall and Bradley Beal
93%
3Kyle Lowry and DeMar DeRozan
93%
2Chris Paul and James Harden
92.4%
5Damian Lillard and CJ McCollum
88.8%
8Eric Bledsoe and Devin Booker
83.3%
6Jeff Teague and Jimmy Butler
80.7%
10Russell Westbrook and Andre Roberson
78.6%
12Isaiah Thomas and JR Smith
78.1%
11Kyrie Irving and Jaylen Brown
71.8%
7Kemba Walker and Nicolas Batum
69.8%
9Goran Dragic and Dion Waiters
68.2%
15Rajon Rondo and Jrue Holiday
60.7%
17Lonzo Ball and Kentavious Caldwell-Pope
57.8%
20Tony Parker and Danny Green
55.7%
Rank Backcourt % Correct
14Reggie Jackson and Avery Bradley
55.5%
19Markelle Fultz and JJ Redick
54.7%
16Jeremy Lin and D'Angelo Russell
51.8%
18Ricky Rubio and Rodney Hood
48.2%
24Elfrid Payton and Evan Fournier
47.9%
26Malcolm Brogdon and Khris Middleton
44.8%
23Dennis Schroder and Kent Bazemore
44.3%
25Darren Collison and Victor Oladipo
44%
27Jamal Murray and Gary Harris
39.6%
22George Hill and Buddy Hield
37.5%
29Dennis Smith Jr and Wesley Matthews
33.9%
28Jerian Grant and Justin Holiday
29.7%
21Mike Conley and Tyreke Evans
29.7%
13Milos Teodosic and Patrick Beverley
26.8%
30Ramon Sessions and Tim Hardaway
19%

You're not logged in!

Compare scores with friends on all Sporcle quizzes.
Join for Free
OR
Log In

You Might Also Like...

Show Comments

Extras

Created Aug 7, 2017ReportNominate
Tags:NBA Quiz, 1-30, season, team, worst

Top Quizzes Today


Score Distribution

Your Account Isn't Verified!

In order to create a playlist on Sporcle, you need to verify the email address you used during registration. Go to your Sporcle Settings to finish the process.

Report this User

Report this user for behavior that violates our Community Guidelines.

Details: